| 000 | 00633nam a2200181Ia 4500 | ||
|---|---|---|---|
| 008 | 090630s9999 xx 000 0 und d | ||
| 082 | _b13133 | ||
| 100 | _aघाणेकर प्र. के. | ||
| 245 |
_aसोबत दुर्गांची. _cघाणेकर प्र. के. |
||
| 260 |
_bस्नेहल - पुणे 4. _c1993 |
||
| 300 | _a67 | ||
| 600 | _aघाणेकर प्र. के. | ||
| 630 | _aसोबत दुर्गांची. | ||
| 655 | _aइतर. | ||
| 700 | _aघाणेकर प्र. के. | ||
| 730 | _aसोबत दुर्गांची. | ||
| 942 | _cBOOK | ||
| 999 |
_c264989 _d264989 |
||